Sertések takarmányozásának elemző vizsgálata a Városföldi Sertéshizlaló és Feldolgozó Társulás 1920 kocás szakosított telepén
Elmentve itt :
| Szerző: | |
|---|---|
| További közreműködők: | |
| Dokumentumtípus: | Szakdolgozat |
| Megjelent: |
1977
|
| Kulcsszavak: | Sertéstenyésztés Takarmányozás Városföld |
| Tárgyszavak: | |
| Online Access: | http://diploma.bibl.u-szeged.hu/98993 |
| LEADER | 00846nta a2200241 i 4500 | ||
|---|---|---|---|
| 001 | dipl98993 | ||
| 005 | 20220127133954.0 | ||
| 008 | 220127s1977 hu om 0|| hun d | ||
| 040 | |a SZTE Diploma Repozitórium |b hun | ||
| 041 | |a hun | ||
| 100 | 1 | |a Bodor András | |
| 245 | 1 | 0 | |a Sertések takarmányozásának elemző vizsgálata a Városföldi Sertéshizlaló és Feldolgozó Társulás 1920 kocás szakosított telepén |h [elektronikus dokumentum] / |c András Bodor |
| 260 | |c 1977 | ||
| 300 | |a 66 | ||
| 650 | 4 | |a Agrár | |
| 650 | 4 | |a Agricultural sciences | |
| 650 | 4 | |a Animal and Dairy science | |
| 650 | 4 | |a Husbandry | |
| 695 | |a Sertéstenyésztés | ||
| 695 | |a Takarmányozás | ||
| 695 | |a Városföld | ||
| 700 | 1 | |a Korellné Judt Edit |e ths | |
| 856 | 4 | 0 | |u http://diploma.bibl.u-szeged.hu/id/eprint/98993/1/1977_bodor_andras.pdf |z Dokumentum-elérés |